| 000 | 01337nam a2200241Ia 4500 | ||
|---|---|---|---|
| 999 |
_c36208 _d36208 |
||
| 001 | 2111 | ||
| 003 | GE_BSU | ||
| 005 | 20190524153523.0 | ||
| 008 | 181216s1985||||ge |||||||||||||| ||geo|| | ||
| 040 | _cGE_BSU | ||
| 041 | _ageo | ||
| 080 | _a59(07508)(072) ბ– 20 | ||
| 100 |
_aბალავაძე, ე. _91573 |
||
| 245 |
_bდამხმ. სახელმძღვ. პედ. ინ-ტის სტუდენტებისათვის / _aპრაქტიკულ-ლაბორატორიული სამუშაოების მეთოდური სახელმძღვანელო ხერხემლიანთა ბიოლოგიაში : _cე. ბალავაძე, ვ. შარვაშიძე, ს. ელიზბარაშვილი. |
||
| 264 |
_aთბილისი : _bგანათლება, _c1985. |
||
| 300 |
_a255 გვ. ; _b22 სმ. |
||
| 504 | _a ბიბლიოგრ.: გვ. 247. - საგანთა საძიებელი: გვ. 248-252. | ||
| 653 | _aბიოლოგია | ||
| 653 | _aხერხემლიანები | ||
| 700 |
_aშარვაშიძე, ვ. _eავტორი _91574 |
||
| 700 |
_aელიზბარაშვილი, ს. _91575 _eავტორი |
||
| 942 |
_cBK _2udc |
||